Marketingová komunikace nové trendy 3.0

Salvato in:
Dettagli Bibliografici
Autore principale: Frey, Petr
Natura: Libro
Lingua:ceco
Pubblicazione: Praha Management Press 2011
Edizione:3. rozš. vyd.
Soggetti:
Tags: Aggiungi Tag
Nessun Tag, puoi essere il primo ad aggiungerne!!

MARC

LEADER 00000nam a2200000 4500
001 0162142
005 20240313090047.5
020 |a 978-80-7261-237-6 
041 0 |a cze 
044 |a CZ 
245 1 0 |a Marketingová komunikace  |b nové trendy 3.0  |c Petr Frey 
250 |a 3. rozš. vyd. 
264 1 |a Praha  |b Management Press  |c 2011 
300 |a 203 s. 
610 2 0 |a komunikácia marketingová 
610 2 0 |a marketing 
610 2 0 |a reklama 
100 1 |a Frey, Petr